All Brothers Osborne Songs - Statistics

General Stats
  • This quiz has been taken 6 times
  • The average score is 16 of 27
Answer Stats
Album Song % Correct
Port Saint Joe I Don't Remember Me (Before You)
100%
Pawn Shop It Ain't My Fault
100%
Port Saint Joe A Couple Wrongs Makin' It Alright
75%
Pawn Shop Dirt Rich
75%
Pawn Shop Down Home
75%
Pawn Shop Greener Pastures
75%
Pawn Shop Pawn Shop
75%
Port Saint Joe Pushing Up Daisies (Love Alive)
75%
Brothers Osborne Shoot from the Hip
75%
Port Saint Joe Shoot Me Straight
75%
Port Saint Joe Slow Your Roll
75%
Brothers Osborne Stay a Little Longer
75%
Port Saint Joe Weed, Whiskey and Willie
75%
Pawn Shop 21 Summer
50%
Port Saint Joe A Little Bit Trouble
50%
Single #2 All Night
50%
Port Saint Joe Drank Like Hank
50%
Pawn Shop Heart Shaped Locket
50%
Brothers Osborne Love the Lonely Out of You
50%
Pawn Shop Loving Me Back
50%
Brothers Osborne Rum
50%
Port Saint Joe Tequila Again
50%
Port Saint Joe While You Still Can
50%
Pawn Shop American Crazy
25%
Brothers Osborne Arms of Fire
25%
Single Let's Go There
25%
Revamp & Restoration Take Me to the Pilot
0%
No matching quizzes found
Score Distribution
Percent of People with Each Score
Percentile by Number Answered
Your Score History
You have not taken this quiz